Score 0/30 Timer 05:00
0 Plays Today
Title with Anagram Correct Word % Correct
Rebel Without a SauceCause
98.1%
Planet of the PeasApes
95.6%
The Green LimeMile
95.2%
In Love and RawWar
95.1%
The Unrobe UltimatumBourne
94.6%
Who Farmed Roger RabbitFramed
94.4%
What's Up, Cod?Doc
93.3%
Hall SapsPass
92.7%
The Winning MeatTeam
92.3%
Dances with VowelsWolves
90.8%
Deuce Bigalow: Lame GigoloMale
90.5%
The Gun That Won the StewWest
89.7%
Million Dollar GelsLegs
88.8%
Death Wish V: The Cafe of Death Face
87%
Pirates of the Caribbean: On Stranger DietsTides
86.9%
Title with Anagram Correct Word % Correct
Pooh DreamsHoop
85.4%
The Last UppersSupper
84.7%
Hated at a FuneralDeath
84%
A Loin Is in the StreetsLion
81.6%
Sad BootDas
81.2%
In Her SinkSkin
80.5%
Bad CheaterTeacher
76.6%
Canoes 11Oceans
75.9%
The Satanic Tires of DraculaRites
75.5%
Dead ClamCalm
75.4%
Sweet Hearts CanedDance
72%
Woman of WartsStraw
69.6%
Eight Legged FakersFreaks
68.9%
Pairs When It SizzlesParis
67.2%
Hedwig and the Angry ChinInch
63.1%
Remove Ads.
Support Sporcle.
Get the best of Sporcle when you Go Orange. This ad-free experience offers more features, more stats, and more fun while also helping to support Sporcle. Thank you for becoming a member.

You're not logged in!

Compare scores with friends on all Sporcle quizzes.
OR
Log In

Show Comments

Extras

Top Quizzes Today


Score Distribution

Your Account Isn't Verified!

In order to create a playlist on Sporcle, you need to verify the email address you used during registration. Go to your Sporcle Settings to finish the process.

Report this User

Report this user for behavior that violates our Community Guidelines.

Details: